|
|
|
|
| LEADER |
00000nam a2200000 i 4500 |
| 001 |
1/75018 |
| 008 |
080219s2003 fre d |
| 020 |
|
|
|a 2-7108-0835-8
|
| 035 |
|
|
|l 10094810
|
| 040 |
|
|
|a GR-MY-UA
|b gre
|e aacr
|
| 041 |
0 |
|
|a fre
|
| 082 |
0 |
|
|a 519.5
|2 (22)
|
| 100 |
1 |
|
|a Nakache, Jean-Pierre.
|
| 245 |
1 |
0 |
|a Statistique explicative appliquee :
|b analyse discriminante, modele logistique, segmentation par arbre /
|c Jean-Pierre Nakache, Josiane Confais
|
| 260 |
|
|
|a Paris :
|b Technip,
|c 2003
|
| 300 |
|
|
|a xii, 282 σ.;
|b πίν.;
|c 24 εκ.
|
| 504 |
|
|
|a Βιβλιογραφία: σ. [273]-278
|
| 504 |
|
|
|a Ευρετήριο: σ. [279]-282
|
| 650 |
0 |
0 |
|a Statistics.
|
| 650 |
0 |
0 |
|a Logistic regression analysis.
|
| 650 |
0 |
0 |
|a Discriminant analysis.
|
| 700 |
1 |
|
|a Confais, Josiane.
|
| 852 |
|
|
|a INST
|b LESVOS
|e 20080219
|h 519.5 NAK
|p 005100040662
|q 005100040662
|t BK
|y 0
|
| 901 |
|
|
|a BIBL1-2008-1
|
| 909 |
|
|
|a Λ
|b 145670
|
| 922 |
|
|
|a 1ΕΛΗ
|b 200801
|c ΕΠΕΑΕΚ2/ΤΕΘ
|d ΕΛΕΥΘΕΡΟΥΔΑΚΗΣ
|
| 970 |
|
|
|a ΧΑΤΖΗΜΙΧΑΗΛ
|b ΜΑΡΙΑ
|z 2008/02/19
|